000
00289nam a22001217a 4500
020
_a
0-471-45687-X
082
_a
515.14 KAP'C
100
_a
KAPLAN, W:LEWIS, D. J
_9
68038
245
_a
CALACULUS AND LINEAR ALGEBRA
260
_a
NEWYORK
_b
JOHN WILEY
_c
1971
300
_a
1087P
942
_c
BK
999
_c
575700
_d
575700